000 01303nam a2200169Ia 4500
005 20250728154339.0
008 250728s9999 xx 000 0 und d
020 _a9780060854195
082 _a951.057
_bTEN
100 _aQichen, Qian
245 0 _aTen Episodes in China's Diplomacy
260 _bHarper Collins
_c2006
300 _a372 pages
500 _aQian Qichen played a direct role in some of the most dramatic moments in recent Chinese history -- including standoffs, efforts to build alliances, and historic summits -- and here he recounts these episodes from behind the scenes. Having witnessed and influenced high-powered political crossroads, he shows just how global relationships are delicately maintained through rarely seen negotiations. Qichen's remembrance covers world-changing events, including the thawing of China's relationship with the Soviet Union; Nelson Mandela's visit to China after his release from prison; the normalization of Sino-Indonesian relations; and the transfer of Hong Kong. As China continues to rise on the world stage, Qichen offers an inside look at its politics and relationships to other countries, helping us understand the past, present, and future of one of the world's greatest powers.
650 _aBiography & Autobiography
942 _cENGLISH
999 _c577643
_d577643